Top 'N' and 'O' Baby Names 1914 and 2014 Quiz Stats

 Plays Quiz not verified by Sporcle

Challenge
Share
Tweet
Embed
Score 0/26 Timer 10:00
0 Plays Today
Rank in 1914 to Rank in 2014 Name % Correct
124 - 38Nathan
86.3%
285 - 2Olivia
82.6%
102 - 57Nicholas
80.7%
261 - 23Natalie
79.8%
122 - 32Oliver
78.3%
127 - 282Olive
77.3%
185 - 94Nathaniel
75.8%
143 - 49Nora
73.8%
102 - 752Nancy
73.6%
77 - 183Oscar
65.9%
171 - 295Nina
65.5%
225 - 36Owen
58.2%
361 - 1Noah
56.7%
Rank in 1914 to Rank in 2014 Name % Correct
134 - 80Naomi
56%
296 - 655Neil
54.1%
350 - 807Nola
48.5%
408 - 356Noel
48.3%
465 - 81Nolan
47.2%
663 - 214Omar
44.6%
812 - 196Nicolas
44%
171 - 642Nelson
42.5%
155 - 627Otto
38.4%
824 - 645Nathalie
33.9%
514 - 717Nickolas
28.5%
484 - 558Orlando
23.4%
863 - 287Nova
23.2%

You're not logged in!

Compare scores with friends on all Sporcle quizzes.
OR
Log In

You Might Also Like...

Show Comments

Extras

Top Quizzes Today


Score Distribution

Your Account Isn't Verified!

In order to create a playlist on Sporcle, you need to verify the email address you used during registration. Go to your Sporcle Settings to finish the process.

Report this User

Report this user for behavior that violates our Community Guidelines.

Details: